Is buy-to-let still a good investment? (Record no. 82630)
[ view plain ]
| 000 -LEADER | |
|---|---|
| fixed length control field | 01089cab a22001935a 4500 |
| 001 - CONTROL NUMBER | |
| control field | L150757 |
| 008 - FIXED-LENGTH DATA ELEMENTS--GENERAL INFORMATION | |
| fixed length control field | 100901s2010 xxk 000 0 eng d |
| 035 ## - SYSTEM CONTROL NUMBER | |
| System control number | (Sirsi) u150757 |
| 041 0# - LANGUAGE CODE | |
| Language code of text/sound track or separate title | eng |
| 100 1# - MAIN ENTRY--PERSONAL NAME | |
| Personal name | Young, Andy |
| 245 00 - TITLE STATEMENT | |
| Title | Is buy-to-let still a good investment? |
| 260 ## - PUBLICATION, DISTRIBUTION, ETC. | |
| Date of publication, distribution, etc. | 2010 |
| 490 #0 - SERIES STATEMENT | |
| Series statement | Sustainablebuilding inc Propertyforecast |
| Volume/sequential designation | (43) July 2010, 14-15(2) |
| 520 ## - SUMMARY, ETC. | |
| Summary, etc. | What are the prospects for the buy-to-let market facing a rise in Capital Gains Tax to 28%? This market is still dominated by professional landlords who see residential rental property as a medium to long-term investment. The performance of buy-to-let mortgage portfolios is better than the market data might first suggest. Shortage of buy-to-let finance has hampered the sector during the recession but demand for private rental property is now soaring. Significant growth in the buy-to-let investment market is likely over the next few years. |
| 590 ## - LOCAL NOTE (RLIN) | |
| Local note | KA |
| 651 #4 - SUBJECT ADDED ENTRY--GEOGRAPHIC NAME | |
| Geographic name | United Kingdom |
| Chronological subdivision | |
| 690 ## - LOCAL SUBJECT ADDED ENTRY--TOPICAL TERM (OCLC, RLIN) | |
| Topical term or geographic name as entry element | PROPERTY-RESIDENTIAL PROPERTY-RESIDENTIAL PROPERTY FINANCE AND INVESTMENT |
| 942 ## - ADDED ENTRY ELEMENTS (KOHA) | |
| Suppress in OPAC | 0 |
| Withdrawn status | Lost status | Source of classification or shelving scheme | Damaged status | Not for loan | Home library | Current library | Shelving location | Date acquired | Total Checkouts | Full call number | Barcode | Date last seen | Copy number | Price effective from | Koha item type |
|---|---|---|---|---|---|---|---|---|---|---|---|---|---|---|---|
| Dewey Decimal Classification | London | London | Journal article | 01/09/2010 | L150757 | 150757-1001 | 06/08/2019 | 1 | 06/08/2019 | Journal article |